Ako urobiť z nezdravého zdravé, a pritom neklamať

Komunikácia a presviedčanie. Model ELM - model presviedčania. Príklad použitia periférnej cesty pri spracovaní správy.

Enregistré dans:
Détails bibliographiques
Auteur principal: Vokounová, Dana, 1962-
Autres auteurs: Korčoková, Marína, 1970-
Format: Chapitre de livre
Langue:slovaque
Sujets:
Tags: Ajouter un tag
Pas de tags, Soyez le premier à ajouter un tag!

MARC

LEADER 00000nla a2200000 4500
001 0160185
005 20240502083355.8
041 0 |a slo 
044 |a CZ 
245 1 0 |a Ako urobiť z nezdravého zdravé, a pritom neklamať  |c Dana Vokounová, Marína Korčoková 
520 |a Komunikácia a presviedčanie. Model ELM - model presviedčania. Príklad použitia periférnej cesty pri spracovaní správy. 
610 2 0 |a komunikácia 
610 2 0 |a komunikácia marketingová 
610 2 0 |a reklama 
610 2 0 |a informácie 
610 2 0 |a spotrebitelia 
100 1 |a Vokounová, Dana, 1962- 
700 1 |a Korčoková, Marína, 1970-